Guess the Guitarist’s Name - Statistics

General Stats
  • This quiz has been taken 30 times
  • The average score is 9 of 15
Answer Stats
Hint Answer % Correct
Jimi Hendrix
100%
B.B. King
100%
Jeff Beck
86%
George Harrison
83%
Brian May
83%
Jimmy Page
83%
Chuck Berry
76%
Noel Gallagher
69%
Paul McCartney
62%
Nile Rodgers
48%
John (RHCP) Frusciante
41%
John Mayer
24%
Tim Henson
10%
Tomo Fujita
3%
Tak Matsumoto
3%
No matching quizzes found
Score Distribution
Percent of People with Each Score
Percentile by Number Answered
Your Score History
You have not taken this quiz